TXT Devil by the Window Lyrics - Statistics

General Stats
  • This quiz has been taken 824 times
  • The average score is 227 of 300
Answer Stats
Answer % Correct
the
98%
The
98%
A
97%
a
97%
I
97%
Devil
96%
devil
96%
by
95%
Dream
95%
dream
95%
You
95%
you
95%
go
94%
when
94%
me
92%
to
92%
window
92%
of
91%
my
88%
can
87%
on
87%
Sweet
87%
sweet
87%
in
86%
In
86%
life
86%
down
83%
fall
82%
met
82%
night
82%
what
82%
get
81%
Oh
81%
asleep
80%
no
80%
No
80%
so
80%
your
80%
eyes
78%
ride
78%
sky
78%
and
77%
Come
77%
come
77%
Traded
77%
can't
76%
dreams
76%
Lie
76%
doing
74%
High
74%
high
74%
sheep
74%
Temptation
74%
way
74%
wolf
74%
got
73%
He
73%
off
73%
out
72%
time
72%
desire
71%
rest
71%
scream
71%
today
71%
But
70%
clothes
70%
disguise
70%
escape
69%
play
69%
shout
69%
some
69%
too
69%
crimson
68%
His
68%
it
68%
turn
68%
up
68%
Just
67%
There's
67%
touched
67%
wings
67%
Goodnight
66%
goodnight
66%
one's
65%
don't
64%
Don't
64%
fight
64%
is
64%
around
62%
put
62%
be
60%
nuisance
60%
Said
60%
said
60%
whispering
59%
It's
58%
tongue
58%
give
57%
spread
57%
Spread
57%
He's
56%
inside
54%
hiding
53%
You'll
51%
with
48%
reality
47%
see
47%
over
40%
stay
40%
fake
39%
gutter
39%
tell
39%
Waste
38%
waste
38%
waves
38%
away
37%
feel
37%
into
36%
leave
36%
tempted
36%
Wash
36%
body
35%
you're
35%
drifting
32%
won't
30%
fly
26%
tounge
25%
here
23%
without
21%
I'll
20%
weightless
20%
worry
18%
No matching quizzes found
Score Distribution
Percent of People with Each Score
Percentile by Number Answered
Your Score History
You have not taken this quiz